Meždunarodnaja valjutnaja likvidnost problemy i protivorečija

Guardado en:
Detalles Bibliográficos
Autor principal: Surovceva, Valentina Ivanovna
Formato: Libro
Lenguaje:ruso
Publicado: Moskva Finansy i statistika 1983
Etiquetas: Agregar Etiqueta
Sin Etiquetas, Sea el primero en etiquetar este registro!

MARC

LEADER 00000nam a2200000 4500
001 c115817
005 20041019155202.5
041 0 |a rus 
044 |a RU 
245 1 0 |a Meždunarodnaja valjutnaja likvidnost  |b problemy i protivorečija  |c Valentina Ivanovna Surovceva 
264 1 |a Moskva  |b Finansy i statistika  |c 1983 
300 |a 126 s. 
100 1 |a Surovceva, Valentina Ivanovna